Harry's ladder to learning /

Bibliographic Details
Format: Microform Book
Language:English
Published: London : D. Bogue, [1850?]
Series:Opie collection of children's literature ; 025:283.
Subjects:

MARC

Tag First Indicator Second Indicator Subfields
LEADER 00000cam a2200000Ia 4500
001 in00002571921
005 20151201154257.0
007 hd bfv---baap
007 he amv---bacp
008 980928s1850 enka b 000 0 eng d
035 |a (OCoLC)ocm39950558 
037 |a CL0021000025  |b UMI, 300 N. Zeeb Rd., Ann Arbor, MI 48016-1346 
040 |a OPP  |c OPP  |d UtOrBLW 
049 |a OPPA 
090 |a PZ5  |b .O67 1990 no.025:283. 
245 0 0 |a Harry's ladder to learning /  |c with two hundred and thirty illustrations. 
264 1 |a London :  |b D. Bogue,  |c [1850?] 
264 3 |a London :  |b Printed by G. Barclay 
300 |a 239 pages :  |b illustrations 
336 |a text  |b txt  |2 rdacontent 
337 |a microform  |b h  |2 rdamedia 
338 |a microfiche  |b he  |2 rdacarrier 
500 |a Date of publication suggested by the Bodleian Library. 
505 0 |a Part I. Harry's horn-book -- Part II. Harry's picture-book -- Part III. Harry's nursery songs -- Part IV. Harry's nursery tales -- Part V. Harry's simple stories -- Part VI. Harry's country walk. 
500 |a Reproduction of original in the Bodleian Library. 
510 4 |a Opie  |c GG 216 
533 |a Microfiche.  |b Ann Arbor, Mich. :  |c UMI,  |d 1997.  |e 3 microfiche ; 11 x 15 cm.  |f (Opie collection of children's literature ; 025:283).  |7 s1997 miun b 
500 |a Microform. 
650 0 |a Readers (Primary) 
650 0 |a Nursery rhymes. 
830 0 |a Opie collection of children's literature ;  |v 025:283. 
999 |a MARS 
999 f f |s 19b59ea6-4a26-3fd8-87ea-87d5fdeb4099  |i 1058f22b-5999-39d8-a10b-532a40e2c68e  |t 0 
952 f f |a Texas A&M University  |b College Station  |c Sterling C. Evans Library  |d Evans: Microforms Fiche (3rd floor)  |t 0  |e PZ5 .O67 1990 no.025:283.  |h Library of Congress classification 
998 f f |a PZ5 .O67 1990 no.025:283.  |t 0  |l Evans: Microforms Fiche (3rd floor)